Computer Aided Design (Record no. 4532)

MARC details
000 -LEADER
fixed length control field 00397nam a22001697a 4500
005 - DATE AND TIME OF LATEST TRANSACTION
control field 20160628154050.0
008 - FIXED-LENGTH DATA ELEMENTS--GENERAL INFORMATION
fixed length control field 160628b xxu||||| |||| 00| 0 eng d
020 ## - INTERNATIONAL STANDARD BOOK NUMBER
ISBN 81-89757-76-8
041 ## - LANGUAGE CODE
Language code of text/sound track or separate title eng
082 ## - DEWEY DECIMAL CLASSIFICATION NUMBER
Item number 11723
100 ## - MAIN ENTRY--AUTHOR NAME
Personal name Sharma, Vikram
245 ## - TITLE STATEMENT
Title Computer Aided Design
260 ## - PUBLICATION, DISTRIBUTION, ETC. (IMPRINT)
Name of publisher Katson Books
Year of publication 2011
300 ## - PHYSICAL DESCRIPTION
Number of Pages 387
650 ## - SUBJECT ADDED ENTRY--TOPICAL TERM
Topical Term Diploma Engineering
942 ## - ADDED ENTRY ELEMENTS (KOHA)
Koha item type Books
Holdings
Lost status Damaged status Collection code Home library Current library Shelving location Date acquired Cost, normal purchase price Full call number Accession Number Koha item type
    CS/IT JRU Library JRU Library SHELF-52-H 28/06/2016 245.00 006.6 11723 Books
      JRU Library   Shelf - 27- H 28/06/2016 245.00 11723 11724 Books
    CS/IT JRU Library JRU Library SHELF-52-H 28/06/2016 245.00 006.6 11725 Books
    CS/IT JRU Library JRU Library SHELF-52-H 28/06/2016 245.00 006.6 11726 Books
    CS/IT JRU Library JRU Library SHELF-52-H 28/06/2016 245.00 006.6 11727 Books
      JRU Library   Shelf - 27- H 28/06/2016 245.00 11723 11728 Books
      JRU Library   Shelf - 27- H 28/06/2016 245.00 11723 11729 Books
    CS/IT JRU Library JRU Library SHELF-52-H 28/06/2016 245.00 006.6 11730 Books
    CS/IT JRU Library JRU Library SHELF-52-H 28/06/2016 245.00 006.6 11731 Books
    CS/IT JRU Library JRU Library SHELF-52-H 28/06/2016 245.00 006.6 11732 Books
      JRU Library   Shelf - 27- H 28/06/2016 245.00 11723 11733 Books
    CS/IT JRU Library JRU Library SHELF-74-J 28/06/2016 245.00 11723 11734 Books
    CS/IT JRU Library JRU Library SHELF-52-H 28/06/2016 245.00 006.6 11735 Books